<?xml version="1.0" encoding="UTF-8"?>
<record
    xmlns:xsi="http://www.w3.org/2001/XMLSchema-instance"
    xsi:schemaLocation="http://www.loc.gov/MARC21/slim http://www.loc.gov/standards/marcxml/schema/MARC21slim.xsd"
    xmlns="http://www.loc.gov/MARC21/slim">

  <leader>02055nam a2200301 a 4500</leader>
  <controlfield tag="001">000047456</controlfield>
  <controlfield tag="003">DO-SdBNP</controlfield>
  <controlfield tag="005">20240305130808.0</controlfield>
  <controlfield tag="007">ta</controlfield>
  <controlfield tag="008">180530s2017    dr ac  gr     001 j spa d</controlfield>
  <datafield tag="020" ind1=" " ind2=" ">
    <subfield code="a">9789945484236</subfield>
  </datafield>
  <datafield tag="040" ind1=" " ind2=" ">
    <subfield code="a">DO-SdBNP</subfield>
    <subfield code="b">spa</subfield>
    <subfield code="c">BNPHU</subfield>
  </datafield>
  <datafield tag="082" ind1=" " ind2="4">
    <subfield code="a">RD863.5 </subfield>
    <subfield code="b">C744C 2016</subfield>
    <subfield code="2">22</subfield>
  </datafield>
  <datafield tag="111" ind1="2" ind2=" ">
    <subfield code="a">Concurso de Cuento Joven  Di&#xF3;genes Valdez</subfield>
    <subfield code="n">(1:</subfield>
    <subfield code="d">2016 :</subfield>
    <subfield code="c">San Crist&#xF3;bal) </subfield>
    <subfield code="9">80135</subfield>
  </datafield>
  <datafield tag="245" ind1="1" ind2="0">
    <subfield code="a">Cuentos premiados :</subfield>
    <subfield code="b"> edici&#xF3;n y correcci&#xF3;n, Ram&#xF3;n Mesa, Ysabel Florentino,</subfield>
  </datafield>
  <datafield tag="260" ind1=" " ind2=" ">
    <subfield code="a">San Crist&#xF3;bal :</subfield>
    <subfield code="b">Feria del Libro Sancristobalense,</subfield>
    <subfield code="c">2017.</subfield>
  </datafield>
  <datafield tag="300" ind1=" " ind2=" ">
    <subfield code="a">109 p. :</subfield>
    <subfield code="b">il., retrs. ;</subfield>
    <subfield code="c">22 cm.</subfield>
  </datafield>
  <datafield tag="505" ind1=" " ind2=" ">
    <subfield code="g">1er.lugar</subfield>
    <subfield code="t">El juego /</subfield>
    <subfield code="r">Daneiri Reyes Bello.--</subfield>
    <subfield code="g">2do. lugar.</subfield>
    <subfield code="t">Tu &#xFA;ltimo suspiro /</subfield>
    <subfield code="r">Miguel Eduardo Matos Florim&#xF3;n.--</subfield>
    <subfield code="g">3er. lugar</subfield>
    <subfield code="t">Sombras de mi pasado /</subfield>
    <subfield code="r">Sachariel M&#xE1;rquez Angomas.--</subfield>
    <subfield code="g">Menci&#xF3;n de Honor</subfield>
    <subfield code="t">Ella estaba ah&#xED; /</subfield>
    <subfield code="r">Riclari Mari&#xF1;ez Lebr&#xF3;n.--</subfield>
    <subfield code="g">Menci&#xF3;n de Honor</subfield>
    <subfield code="t">Entre las sombras /</subfield>
    <subfield code="r">Elisbeth Gina Rosario Garc&#xED;a.--</subfield>
    <subfield code="g">Menci&#xF3;n de honor</subfield>
    <subfield code="t">La carta asesina /</subfield>
    <subfield code="r">Anyira Nova Pineda.--</subfield>
    <subfield code="g">Menci&#xF3;n de honor</subfield>
    <subfield code="t">L&#xE1;grimas de Luloah /</subfield>
    <subfield code="r">Ana B&#xE1;rbara Ram&#xED;rez.--</subfield>
    <subfield code="t">Las once horas de acci&#xF3;n m&#xE1;s lentas de toda mi vida /</subfield>
    <subfield code="r">Randy Alexander Rosario.--</subfield>
    <subfield code="t">Mundos al rev&#xE9;s /</subfield>
    <subfield code="r">Juleisi Saony Castillo Soriano.--</subfield>
    <subfield code="t">No es vivir /</subfield>
    <subfield code="r">Carlos Joel D&#xED;az Adames.--</subfield>
    <subfield code="g">Finalistas</subfield>
    <subfield code="t">L&#xE1;grimas de sangre /</subfield>
    <subfield code="r">Raidy Fr&#xED;as Jim&#xE9;nez</subfield>
    <subfield code="t">Capit&#xE1;n Merito Aquino /</subfield>
    <subfield code="r">Frank Aquino Severino.--</subfield>
    <subfield code="t">Relato de un viernes /</subfield>
    <subfield code="r">G&#xE9;nesis Bravo Mart&#xED;nez.--</subfield>
    <subfield code="t">El sue&#xF1;o de do&#xF1;a Carmen /</subfield>
    <subfield code="r">Altagracia de jes&#xFA;s.--</subfield>
    <subfield code="t">Sin culpa a la muerte de Camila /</subfield>
    <subfield code="r">Jeranny Reyes Vizca&#xED;no.--</subfield>
    <subfield code="t">Una terrible pesadilla /</subfield>
    <subfield code="r">Nicole Mercedes de la Rosa Rodr&#xED;guez.--</subfield>
    <subfield code="t">La llamada /</subfield>
    <subfield code="r">Alex Rodr&#xED;guez Abreu.</subfield>
  </datafield>
  <datafield tag="590" ind1=" " ind2=" ">
    <subfield code="a">Inventariado,2018/DG</subfield>
  </datafield>
  <datafield tag="650" ind1=" " ind2="4">
    <subfield code="a">Cuentos dominicanos</subfield>
    <subfield code="9">80136</subfield>
  </datafield>
  <datafield tag="650" ind1=" " ind2="4">
    <subfield code="a">Literatura dominicana</subfield>
    <subfield code="9">80137</subfield>
  </datafield>
  <datafield tag="650" ind1=" " ind2="4">
    <subfield code="a">Premios literarios </subfield>
    <subfield code="y">2016</subfield>
    <subfield code="9">80138</subfield>
  </datafield>
  <datafield tag="650" ind1=" " ind2="4">
    <subfield code="a">Cert&#xE1;menes literarios</subfield>
    <subfield code="y">2016</subfield>
    <subfield code="9">80139</subfield>
  </datafield>
  <datafield tag="700" ind1="1" ind2=" ">
    <subfield code="a">Mesa, Ram&#xF3;n</subfield>
    <subfield code="e">ed.</subfield>
    <subfield code="9">43164</subfield>
  </datafield>
  <datafield tag="700" ind1="1" ind2=" ">
    <subfield code="a">Florentino, Ysabel,</subfield>
    <subfield code="d">1981-</subfield>
    <subfield code="e">ed.</subfield>
    <subfield code="9">43165</subfield>
  </datafield>
  <datafield tag="910" ind1=" " ind2=" ">
    <subfield code="a">Validado. Control de calidad MFF</subfield>
  </datafield>
  <datafield tag="942" ind1=" " ind2=" ">
    <subfield code="2">ddc</subfield>
    <subfield code="c">LBS1</subfield>
  </datafield>
  <datafield tag="952" ind1=" " ind2=" ">
    <subfield code="0">0</subfield>
    <subfield code="1">0</subfield>
    <subfield code="2">ddc</subfield>
    <subfield code="5">1</subfield>
    <subfield code="7">0</subfield>
    <subfield code="8">PD</subfield>
    <subfield code="a">BNPHU</subfield>
    <subfield code="b">PD</subfield>
    <subfield code="c">HD</subfield>
    <subfield code="d">2018-05-30</subfield>
    <subfield code="e">Dep&#xF3;sito Legal </subfield>
    <subfield code="l">0</subfield>
    <subfield code="o">BNPHU PD RD863.5 C744c 2016</subfield>
    <subfield code="p">47456-10</subfield>
    <subfield code="r">2020-06-25</subfield>
    <subfield code="w">2020-06-25</subfield>
    <subfield code="y">LFPD</subfield>
  </datafield>
  <datafield tag="952" ind1=" " ind2=" ">
    <subfield code="0">0</subfield>
    <subfield code="1">0</subfield>
    <subfield code="2">ddc</subfield>
    <subfield code="5">1</subfield>
    <subfield code="7">0</subfield>
    <subfield code="8">PD</subfield>
    <subfield code="a">BNPHU</subfield>
    <subfield code="b">PD</subfield>
    <subfield code="c">HD</subfield>
    <subfield code="d">2017-07-19</subfield>
    <subfield code="e">Dep&#xF3;sito legal / Mediabyte</subfield>
    <subfield code="l">0</subfield>
    <subfield code="o">BNPHU PD RD863.5  C744c 2016</subfield>
    <subfield code="p">2021-27262</subfield>
    <subfield code="r">2021-10-08</subfield>
    <subfield code="t">e.2</subfield>
    <subfield code="w">2021-10-08</subfield>
    <subfield code="y">LFPD</subfield>
  </datafield>
  <datafield tag="952" ind1=" " ind2=" ">
    <subfield code="0">0</subfield>
    <subfield code="1">0</subfield>
    <subfield code="2">ddc</subfield>
    <subfield code="5">6</subfield>
    <subfield code="7">0</subfield>
    <subfield code="8">DS</subfield>
    <subfield code="a">BNPHU</subfield>
    <subfield code="b">DO</subfield>
    <subfield code="c">HD</subfield>
    <subfield code="d">2021-10-18</subfield>
    <subfield code="e">Dep&#xF3;sito Legal </subfield>
    <subfield code="l">0</subfield>
    <subfield code="o">BNPHU DS RD863.5  C744C 2016</subfield>
    <subfield code="p">2021-27421</subfield>
    <subfield code="r">2021-10-18</subfield>
    <subfield code="t">e.3</subfield>
    <subfield code="w">2021-10-18</subfield>
    <subfield code="y">LFDS</subfield>
  </datafield>
  <datafield tag="952" ind1=" " ind2=" ">
    <subfield code="0">0</subfield>
    <subfield code="1">0</subfield>
    <subfield code="2">ddc</subfield>
    <subfield code="5">6</subfield>
    <subfield code="7">0</subfield>
    <subfield code="8">DS</subfield>
    <subfield code="a">BNPHU</subfield>
    <subfield code="b">DO</subfield>
    <subfield code="c">HD</subfield>
    <subfield code="d">2021-10-18</subfield>
    <subfield code="e">Dep&#xF3;sito Legal </subfield>
    <subfield code="l">0</subfield>
    <subfield code="o">BNPHU DS RD863.5  C744C 2016</subfield>
    <subfield code="p">2021-27422</subfield>
    <subfield code="r">2021-10-18</subfield>
    <subfield code="t">e.4</subfield>
    <subfield code="w">2021-10-18</subfield>
    <subfield code="y">LFDS</subfield>
  </datafield>
  <datafield tag="999" ind1=" " ind2=" ">
    <subfield code="c">46944</subfield>
    <subfield code="d">46944</subfield>
  </datafield>
</record>
